|
|
|
|
| LEADER |
02294nam a22003377a 4500 |
| 001 |
36316 |
| 003 |
BD-DhAAL |
| 005 |
20250622153223.0 |
| 008 |
211026t2011 bg ||||| b||| 00| 0 ben d |
| 020 |
|
|
|a 9789843338334
|
| 040 |
|
|
|a BD-DhAAL
|d BD-DhAAL
|
| 041 |
|
|
|a ben
|
| 082 |
|
|
|a 370
|2 23
|
| 245 |
|
|
|a শিক্ষাপ্রতিষ্ঠানের উৎকর্ষ অর্জন /
|c সম্পাদক শামসুর রহমান ও মোঃ আজিজুর রহমান.
|
| 246 |
|
|
|a Shikkha protisthane utkarsha arjon
|
| 260 |
|
|
|a ঢাকা :
|b জাতীয় শিক্ষা ব্যবস্থাপনা একাডেমী (নায়েম),
|c ২০১১.
|
| 300 |
|
|
|a ষোল, ৩২৭ পৃষ্ঠা :
|b চিত্র ;
|c ২১ সে.মি.
|
| 504 |
|
|
|a গ্রন্থপঞ্জিগত নির্দেশিকা অন্তভূক্ত।
|
| 526 |
|
|
|a BIED
|
| 541 |
|
|
|a Complimentary copy from BIED
|e 36316, 37700
|
| 650 |
|
|
|a Education.
|9 42231
|
| 700 |
|
|
|a রহমান, মোঃ আজিজুর.
|9 42232
|
| 700 |
|
|
|a রহমান, শামসুর.
|9 45706
|
| 710 |
|
|
|a জাতীয় শিক্ষা ব্যবস্থাপনা একাডেমী,
|9 45707
|
| 852 |
|
|
|a Ayesha Abed Library
|c BIED Collection
|
| 942 |
|
|
|2 ddc
|c BK
|
| 999 |
|
|
|c 43274
|d 43274
|
| 952 |
|
|
|0 0
|1 0
|2 ddc
|4 0
|6 370_000000000000000_SHI
|7 0
|9 69425
|a BRACUL
|b BRACUL
|c GEN
|d 2021-10-26
|e Complimentary copy from BIED
|l 0
|o 370 SHI
|p 3010036316
|r 2021-10-26
|t 1
|w 2021-10-26
|y BK
|x Transferred from BIED to General Stacks
|
| 952 |
|
|
|0 0
|1 0
|2 ddc
|4 0
|6 370_000000000000000_SHI
|7 0
|9 69768
|a BRACUL
|b BRACUL
|c GEN
|d 2022-02-27
|e Complimentary copy from BIED
|l 1
|m 24
|o 370 SHI
|p 3010037700
|r 2023-02-11
|s 2022-09-01
|t 2
|w 2022-02-27
|y BK
|x Transferred from BIED to General Stacks
|
| 952 |
|
|
|0 0
|1 0
|2 ddc
|4 0
|6 370_000000000000000_SHI
|7 0
|9 69928
|a BRACUL
|b BRACUL
|c GEN
|d 2022-02-27
|e Complimentary copy from BIED
|l 0
|o 370 SHI
|p 3010037844
|r 2022-02-27
|t 3
|w 2022-02-27
|y BK
|x Transferred from BIED to General Stacks
|
| 952 |
|
|
|0 0
|1 0
|2 ddc
|4 0
|6 370_000000000000000_SHI
|7 0
|9 69929
|a BRACUL
|b BRACUL
|c GEN
|d 2022-02-27
|e Complimentary copy from BIED
|l 0
|o 370 SHI
|p 3010037847
|r 2022-02-27
|t 4
|w 2022-02-27
|y BK
|x Transferred from BIED to General Stacks
|